000 00292 a2200133 4500
000 nam a22 7a 4500
100 _aPandey, Jyant
110 _aPandey, Jyant
245 _aGandhi ji and his disciples
250 _aLatest
260 _bNBT
_c2021
264 _bNBT
_c2021
942 _cBK
999 _c361280
_d361280